000 00503nam a22001811a 4500
001 347
003 OSt
005 20260204211649.0
008 031126s1982||||dr ||||||b||||||||||spa||
050 _aRD 155 D786p
082 _aRD 155 D786p
100 _aDragunova, T.V
245 _aPsicología de la adolescencia: características psicológicas de la adolescencia / T.V. Dragunova
264 _aSanto Domingo : Círculo
300 _a60 p.
650 _a1.Psicología del DesarrolloÌ
942 _2ddc
_cBK
999 _c347
_d347